000 00255nam a22001217a 4500
041 _aENG
100 _aGulvin .H
245 _aFarm Engines And Tractors
260 _aNew Work
_bMcgraw -Hill
_c1953
300 _a397
650 _aFMP
856 _uFMP ( 4 )
999 _c1403
_d1403